<?xml version="1.0" encoding="UTF-8"?>
<record
    xmlns:xsi="http://www.w3.org/2001/XMLSchema-instance"
    xsi:schemaLocation="http://www.loc.gov/MARC21/slim http://www.loc.gov/standards/marcxml/schema/MARC21slim.xsd"
    xmlns="http://www.loc.gov/MARC21/slim">

  <leader>00398nam a22001217a 4500</leader>
  <datafield tag="040" ind1=" " ind2=" ">
    <subfield code="c">rua</subfield>
  </datafield>
  <datafield tag="082" ind1=" " ind2=" ">
    <subfield code="a">RUA SOM 2023 C337 Or.</subfield>
  </datafield>
  <datafield tag="100" ind1=" " ind2=" ">
    <subfield code="a">SOM VICHIKA,&#x179F;&#x17C6; &#x179C;&#x17B7;&#x1785;&#x17D2;&#x1786;&#x17B7;&#x1780;&#x17B6;</subfield>
  </datafield>
  <datafield tag="245" ind1=" " ind2=" ">
    <subfield code="a">NETWORK OPERATING SYSTEM,&#x1794;&#x17D2;&#x179A;&#x178F;&#x17B7;&#x1794;&#x178F;&#x17D2;&#x178F;&#x17B7;&#x1780;&#x17B6;&#x179A;&#x1794;&#x178E;&#x17D2;&#x178F;&#x17B6;&#x1789;&#x1782;&#x17D2;&#x179A;&#x1794;&#x17CB;&#x1782;&#x17D2;&#x179A;&#x1784;</subfield>
  </datafield>
  <datafield tag="260" ind1=" " ind2=" ">
    <subfield code="a">phnom penh</subfield>
    <subfield code="b">rua</subfield>
    <subfield code="c">2023</subfield>
  </datafield>
  <datafield tag="300" ind1=" " ind2=" ">
    <subfield code="a">xviii.483p.</subfield>
    <subfield code="b">ill.</subfield>
    <subfield code="c">27cm.</subfield>
  </datafield>
  <datafield tag="942" ind1=" " ind2=" ">
    <subfield code="c">REC</subfield>
  </datafield>
  <datafield tag="999" ind1=" " ind2=" ">
    <subfield code="c">23493</subfield>
    <subfield code="d">23493</subfield>
  </datafield>
  <datafield tag="952" ind1=" " ind2=" ">
    <subfield code="0">0</subfield>
    <subfield code="1">0</subfield>
    <subfield code="4">0</subfield>
    <subfield code="6">RUA_SOM_2023_000000000000000_C337_OR</subfield>
    <subfield code="7">0</subfield>
    <subfield code="9">100707</subfield>
    <subfield code="a">LBC</subfield>
    <subfield code="b">LBC</subfield>
    <subfield code="c">C337</subfield>
    <subfield code="d">2024-08-06</subfield>
    <subfield code="o">RUA SOM 2023 C337 Or.</subfield>
    <subfield code="p">a081677</subfield>
    <subfield code="r">2024-08-06</subfield>
    <subfield code="w">2024-08-06</subfield>
    <subfield code="y">REC</subfield>
  </datafield>
  <datafield tag="952" ind1=" " ind2=" ">
    <subfield code="0">0</subfield>
    <subfield code="1">0</subfield>
    <subfield code="4">0</subfield>
    <subfield code="6">RUA_SOM_2023_000000000000000_C337_OR</subfield>
    <subfield code="7">0</subfield>
    <subfield code="9">100708</subfield>
    <subfield code="a">LBC</subfield>
    <subfield code="b">LBC</subfield>
    <subfield code="c">C337</subfield>
    <subfield code="d">2024-08-06</subfield>
    <subfield code="o">RUA SOM 2023 C337 Or.</subfield>
    <subfield code="p">a081745</subfield>
    <subfield code="r">2024-08-06</subfield>
    <subfield code="w">2024-08-06</subfield>
    <subfield code="y">REC</subfield>
  </datafield>
</record>
